| 000 | 00528nam a2200157Ia 4500 | ||
|---|---|---|---|
| 999 |
_c13396 _d13396 |
||
| 082 | _aTR.0131 | ||
| 100 | _aRamesh Chand | ||
| 245 | 0 | _aEffects of factor and product prices on factor demand, output supply and marketed surplus of major crops in Punjab | |
| 260 |
_c1984 _bIndian Agricultural Research Institute, New Delhi |
||
| 300 | _av.p. + C D - 51 | ||
| 650 | _aSURPLUS AGRICULTURAL COMMODITIES - PUNJAB | ||
| 650 | _aFARM PRODUCE - RESEARCH | ||
| 650 | _aAGRICULTURE - PUNJAB | ||
| 710 | _aKumar, P. | ||
| 942 |
_cTH _2ddc |
||